Retomemos la economa̕ Una gua̕ ťica para transformar nuestras comunidades /

Bibliographic Details
Main Author: Gibson-Graham, J. K.
Other Authors: Cameron, Jenny, Healy, Stephen
Format: eBook
Language:Spanish
Published: Bogot:̀ Pontificia Universidad Javeriana, 2017
Subjects:
Online Access:Acceso restringido

MARC

LEADER 00000nam a22000007a 4500
005 20201223105747.0
007 cr|||| ||||
008 201223s2017 co |||||s|||| 00||0 spa d
020 |a 978-958-781-068-4 
035 |a 32401 
040 |a vLex 
090 |c 11012  |d 11012 
100 1 |a Gibson-Graham, J. K. 
245 1 0 |a Retomemos la economa̕  |h [Recurso electrn̤ico] :  |b Una gua̕ ťica para transformar nuestras comunidades /  |c J. K. Gibson-Graham, Jenny Cameron, Stephen Healy 
256 |a Servicio en ln̕ea 
260 |a Bogot:̀  |b Pontificia Universidad Javeriana,  |c 2017 
300 |a 1 recurso electrn̤ico 
500 |a Retomemos la economa̕- demuestra que la economa̕ es el resultado de las decisiones y de los esfuerzos cotidianos. El libro explora lo que la gente est ̀haciendo para construir economa̕s ťnicas y presenta estas acciones como preocupaciones compartidas: -qu ̌es aquello necesario para vivir bien y qu ̌hacemos con el excedente producido una vez satisfacemos las necesidades bs̀icas?, -qu ̌cosas consumimos y de qu ̌manera preservamos y reponemos los bienes comunes? Y finalmente, ¿cm̤o podemos invertir en un futuro en el que valga la pena vivir? 
506 1 |a Disponible solo en los productos indicados  |d vLex Global  |d vLex Global (Academic Edition, excluding Law Schools)  |d vLex Global (U.S. Academic Edition, Law Schools)  |d vLex Global (U.S. Academic Edition, excluding Law Schools)  |d vLex Global (Academic Edition, Law Schools) 
650 0 4 |a Economa̕ y negocios  |z Colombia 
650 0 4 |a Ciencias sociales  |z Colombia 
650 0 4 |a Humanidades  |z Colombia 
700 1 |a Cameron, Jenny 
700 1 |a Healy, Stephen 
740 0 |a vLex Libros (Servicio en ln̕ea) 
856 4 0 |u http://vlex.com/source/retomemos-la-economia-una-guia-etica-para-transformar-nuestras-comunidades-32401  |z Acceso restringido 
942 |c BOOK 
999 0 |a Economy and business 
999 0 |a Social Sciences 
999 0 |a Humanities